Evidence based practice in nursing and healthcare (Record no. 16722)

MARC details
000 -LEADER
fixed length control field 00716nam a22002177a 4500
003 - CONTROL NUMBER IDENTIFIER
control field OSt
005 - DATE AND TIME OF LATEST TRANSACTION
control field 20180319155059.0
008 - FIXED-LENGTH DATA ELEMENTS--GENERAL INFORMATION
fixed length control field 180319b xxu||||| |||| 00| 0 eng d
020 ## - INTERNATIONAL STANDARD BOOK NUMBER
International Standard Book Number 9781469855738
040 ## - CATALOGING SOURCE
Transcribing agency KABU
050 ## - LIBRARY OF CONGRESS CALL NUMBER
Classification number RT 42
Item number .M45 2015 C.1
100 ## - MAIN ENTRY--PERSONAL NAME
Personal name Melnyk, Mazurek Bernadette
245 ## - TITLE STATEMENT
Title Evidence based practice in nursing and healthcare
Remainder of title A guide to best practice
Statement of responsibility, etc. Bernadette Mazurek Melnyk and Ellen Fineout Overholt
250 ## - EDITION STATEMENT
Edition statement 3rd ed.
260 ## - PUBLICATION, DISTRIBUTION, ETC. (IMPRINT)
Place of publication, distribution, etc. London
Name of publisher, distributor, etc. Wolters Kluwer
Date of publication, distribution, etc. 2015
300 ## - PHYSICAL DESCRIPTION
Extent xxvi, 625p.
650 ## - SUBJECT ADDED ENTRY--TOPICAL TERM
Topical term or geographic name as entry element Evidence - based nursing - Methods - Practice
650 ## - SUBJECT ADDED ENTRY--TOPICAL TERM
Topical term or geographic name as entry element Nurse clinicians - practice guideline
700 ## - ADDED ENTRY--PERSONAL NAME
Personal name Ellen fineout-Overholt
942 ## - ADDED ENTRY ELEMENTS (KOHA)
Source of classification or shelving scheme Library of Congress Classification
Koha item type General Collection
Holdings
Withdrawn status Lost status Source of classification or shelving scheme Not for loan Home library Current library Date acquired Cost, normal purchase price Inventory number Total Checkouts Full call number Barcode Date last seen Copy number Price effective from Koha item type
    Library of Congress Classification   Kabarak, Main Campus Kabarak, Main Campus 19/03/2018 8300.00 2018/0159   RT 42 .M45 2015 C.1 024088 19/03/2018 C. 1 19/03/2018 General Collection
    Library of Congress Classification   Kabarak, Main Campus Kabarak, Main Campus 19/03/2018 8300.00 2018/0158   RT 42 .M45 2015 C.2 024089 19/03/2018 C. 2 19/03/2018 General Collection
    Library of Congress Classification   Kabarak, Main Campus Kabarak, Main Campus 19/03/2018 8300.00 2018/0157   RT 42 .M45 2015 C.3 024090 19/03/2018 C. 3 19/03/2018 General Collection
Designed with assistance from East African Informatics Ltd